000 00442nam a2200157 i 4500
001 39863
003 ES-MaACL
005 20230906160108.0
007 t|
008 030304s1959 sp ||||1| spa d
100 1 _aCanto Rubio, Juan.
_934679
245 1 0 _aJóvenes de hoy vistos por un papa /
_cJuan Canto Rubio.
260 _aMadrid :
_bAtenas,
_c[1959] (
_fHelénica)
300 _a191 p. ;
_c22 cm.
852 _aES-MaACL
_jC-17222
_bR.45600
999 _c39863
_d39863